00439nam a22001577a 450000500170000001000150001702000260003203500130005803700130007108200150008410000190009924500590011826000340017727000420021130000280025320140915154908.0 aENG-110841 a9788184301700c300.00 aEN-94373 bDBAD/PUB a943.086092 aSharma, Mahesh aThe life and times of Adolf Hitler /cby Mahesh Sharma aNew DelhibOcean books c2013 a4/19 Asaf Ali roadbNew Delhie110002 a240p. :c23cm(Hb)bill.